| 000 | 00925cam a2200265 a 4500 | ||
|---|---|---|---|
| 003 | EG-GiCUC | ||
| 008 | 120123s2003 ua g 000 0 ara d | ||
| 017 |
_a2003 / 2311 _bمصر. دار الكتب. |
||
| 020 | _a9772872927 | ||
| 040 |
_aEG-GiCUC _bara _cEG-GiCUC |
||
| 092 | 0 | 4 |
_a004.678 _bB327 _221 |
| 099 |
_a04 _a004.678 B327 |
||
| 100 | 1 | _aبسيونى: عبد الحميد. | |
| 245 | 1 | 2 |
_aالحماية من اخطار الانترنت / _cعبد الحميد بسيونى |
| 250 | _aط. 1. | ||
| 260 |
_aالقاهرة : _bدار الكتب العلمية للنشر والتوزيع : _c2003 |
||
| 300 |
_a246 ص. : _b .؛إيض _c24سم. |
||
| 650 | 4 |
_aالانترنت _xرقابة. |
|
| 650 | 7 |
_aالانترنت _2qrmak |
|
| 902 | _a3 | ||
| 905 |
_aابراهيم _eمراجع |
||
| 905 |
_aرضا _eمدخل |
||
| 942 |
_2ddc _cBK |
||
| 999 |
_c124215 _d124215 |
||